000 01009nam a2200253Ia 4500
003 OSt
005 20240209205348.0
008 210310s2015 xxkabcdgr 000 0 eng d
020 _a9781908180315
040 _aCO-JMCR
_cCO-JMCR
_bspa
_dCO-JMCR
_erda
041 0 _aeng
082 0 4 _a338.809861 /
_bC718b
_223
110 1 _aColombia.
_98040
245 4 _aThe business year :
_bColombia 2014.
260 _a[Bogotá] :
_bMedellin's Municipality,
_c2014
300 _a188 páginas :
_bilustraciones, gráficos, fotografías y mapas a color ;
_c27 cm.
490 _aThe business year
505 0 _aDiplomacy. -- Economy. -- Finance. -- Energy y Mining. -- Industry. -- Transport. -- Real estate y construction. -- Agriculture. -- Health y education. -- Tourism. -- Executive guie.
650 1 4 _aDesarrollo industrial
_y2014.
_z Colombia
_926383
650 2 4 _aEmpresarios
_xEntrevistas
_937734
650 2 4 _aDesarrollo económico
_zColombia
_96913
650 2 4 _aIndustrias
_zColombia
_937735
942 _2ddc
_cBK
999 _c11762
_d11762